000 00474nam a2200169Ia 4500
999 _c26818
_d26818
003 OSt
005 20210111135640.0
008 190216s9999||||xx |||||||||||||| ||und||
040 _coclc
082 _a894.8122
_bTHO/S
100 _aThomas, C J
_96777
245 0 _aSalomi /
_cC J Thomas
260 _bPoorna Publication,
_c1989.
_a Kozhikode:
300 _a50p
650 _aMalayalam Nadakam
942 _cBK
_2ddc
_h894.8122
_iTHO/S
_k894.8122
_mTHO/S